Familias (Record no. 96587)

MARC details
000 -LEADER
campo de control de longitud fija 01805nam a2200469 i 4500
001 - NÚMERO DE CONTROL
campo de control MOR01000096913
003 - IDENTIFICADOR DE NÚMERO DE CONTROL
campo de control $$amxdfmomxdfmo
005 - FECHA Y HORA DE LA ÚLTIMA TRANSACCIÓN
campo de control 20260331145950.0
008 - DATOS DE LONGITUD FIJA--INFORMACIÓN GENERAL
campo de control de longitud fija 130418s2011 sp abo g bi 001 0 spa d
020 ## - NÚMERO INTERNACIONAL ESTÁNDAR DEL LIBRO
Número Internacional Estándar del Libro 9788437628776
035 ## - NÚMERO DE CONTROL DEL SISTEMA
Número de control de sistema 130909
040 ## - FUENTE DE CATALOGACIÓN
Centro catalogador/agencia de origen mxcmmo
Lengua de catalogación spa
Centro/agencia transcriptor mxcmmo
Normas de descripción rda
041 0# - CÓDIGO DE IDIOMA
Código de lengua del texto/banda sonora o título independiente spa
043 ## - CÓDIGO DE ÁREA GEOGRÁFICA
Código de área geográfica e-sp---
082 04 - NÚMERO DE LA CLASIFICACIÓN DECIMAL DEWEY
Número de clasificación 306.8
Número de ítem FAM.h
245 00 - MENCIÓN DEL TÍTULO
Título Familias
Resto del título : historia de la sociedad española (del final de la Edad Media a nuestros días)/
Mención de responsabilidad, etc. Ana Aguado y otros 19 más ; Francisco Chacón y Joan Bestard (dirs.)
250 ## - MENCION DE EDICION
Mención de edición 1a edición
264 #1 - PRODUCCIÓN, PUBLICACIÓN, DISTRIBUCIÓN, FABRICACIÓN Y COPYRIGHT
Producción, publicación, distribución, fabricación y copyright Madrid:
Nombre del de productor, editor, distribuidor, fabricante Cátedra,
Fecha de producción, publicación, distribución, fabricación o copyright 2011
300 ## - DESCRIPCIÓN FÍSICA
Extensión 1247 páginas:
Otras características físicas ilustraciones, mapas, fotos;
Dimensiones 25 cm
336 ## - TIPO DE CONTENIDO
Término de tipo de contenido texto
Código de tipo de contenido txt
Fuente rdacontent
337 ## - TIPO DE MEDIO
Nombre/término del tipo de medio sin medio
Código del tipo de medio n
Fuente rdamedia
338 ## - TIPO DE SOPORTE
Nombre/término del tipo de soporte volumen
Código del tipo de soporte nc
Fuente rdacarrier
490 0# - MENCIÓN DE SERIE
Mención de serie Historia. Serie mayor
504 ## - NOTA DE BIBLIOGRAFÍA, ETC.
Nota de bibliografía, etc. Nota Incluye referencias bibliográficas (páginas 1129-1224) e índices
650 #7 - PUNTO DE ACCESO ADICIONAL DE MATERIA--TÉRMINO DE MATERIA
Término de materia o nombre geográfico como elemento de entrada Divorcio
Subdivisión geográfica España
Subdivisión general Historia
9 (RLIN) 169038
650 #7 - PUNTO DE ACCESO ADICIONAL DE MATERIA--TÉRMINO DE MATERIA
Término de materia o nombre geográfico como elemento de entrada Familia
Subdivisión geográfica España
Subdivisión general Historia
9 (RLIN) 70738
650 #7 - PUNTO DE ACCESO ADICIONAL DE MATERIA--TÉRMINO DE MATERIA
Término de materia o nombre geográfico como elemento de entrada Matrimonio
Subdivisión geográfica España
Subdivisión general Historia
9 (RLIN) 70739
650 #7 - PUNTO DE ACCESO ADICIONAL DE MATERIA--TÉRMINO DE MATERIA
Término de materia o nombre geográfico como elemento de entrada Vida familiar
Subdivisión geográfica Espana
Subdivisión general Historia
9 (RLIN) 130258
651 #7 - PUNTO DE ACCESO ADICIONAL DE MATERIA--NOMBRE GEOGRÁFICO
Nombre geográfico España
Subdivisión general Vida social y costumbres
-- Historia
9 (RLIN) 80675
700 1# - ENTRADA AGREGADA--NOMBRE PERSONAL
Nombre de persona Aguado, Ana
Término indicativo de función/relación autor
9 (RLIN) 169039
700 1# - ENTRADA AGREGADA--NOMBRE PERSONAL
Nombre de persona Bestard-Camps, Joan
Término indicativo de función/relación director
9 (RLIN) 169040
700 1# - ENTRADA AGREGADA--NOMBRE PERSONAL
Nombre de persona Chacón Jiménez, Francisco
Término indicativo de función/relación director
9 (RLIN) 88033
856 41 - LOCALIZACIÓN Y ACCESO ELECTRÓNICOS
Nota pública Acceso electrónico a Tabla de Contenido
Identificador Uniforme de Recurso <a href="http://www.loc.gov/catdir/enhancements/fy1203/2011480339-t.html">http://www.loc.gov/catdir/enhancements/fy1203/2011480339-t.html</a>
900 ## - ELEMENTOS DE DATOS A LOCAL, LDA (RLIN)
Nombre de persona CATY
Numeración 30
Títulos y otros términos asociados al nombre 20130422
Lenguaje de la obra MOR01
-- 1148
900 ## - ELEMENTOS DE DATOS A LOCAL, LDA (RLIN)
Nombre de persona KLASY
Numeración 30
Títulos y otros términos asociados al nombre 20130517
Lenguaje de la obra MOR01
-- 1515
900 ## - ELEMENTOS DE DATOS A LOCAL, LDA (RLIN)
Nombre de persona LUIS
Numeración 02
Títulos y otros términos asociados al nombre 20130418
Lenguaje de la obra MOR01
-- 1446
900 ## - ELEMENTOS DE DATOS A LOCAL, LDA (RLIN)
Nombre de persona LUIS
Numeración 02
Títulos y otros términos asociados al nombre 20130418
Lenguaje de la obra MOR01
-- 1446
900 ## - ELEMENTOS DE DATOS A LOCAL, LDA (RLIN)
Nombre de persona VOBO
Numeración 40
Títulos y otros términos asociados al nombre 20130523
Lenguaje de la obra MOR01
-- 1154
900 ## - ELEMENTOS DE DATOS A LOCAL, LDA (RLIN)
Nombre de persona VOBO
Numeración 40
Títulos y otros términos asociados al nombre 20130523
Lenguaje de la obra MOR01
-- 1155
904 ## - ELEMENTOS DE DATOS D LOCAL, LDD (RLIN)
a UPDATE
942 ## - ELEMENTOS DE ENTRADA SECUNDARIOS (KOHA)
Código de la institución [OBSOLETO] BK
901 ## - ELEMENTOS DE DATOS A LOCAL LDA (RLIN)
a batch batch
Holdings
Estatus retirado Estado de pérdida Fuente del sistema de clasificación o colocación Estado de daño No para préstamo Colección Biblioteca de origen Biblioteca actual Ubicación en estantería Fecha de adquisición Fuente de adquisición Número de inventario Total de préstamos Signatura topográfica completa Código de barras Visto por última vez Precio de reemplazo Tipo de ítem Koha
    Clasificación Decimal Dewey     Libros (General) Biblioteca Instituto Mora Biblioteca Instituto Mora Regular 22/04/2013   123604   (G)/306.8 FAM.h 33068001287026 03/09/2024 03/09/2024 Libro préstamo regular